[Event "Titled Tuesday intern op 20th Feb Early"]
[Site "Chess.com INT"]
[Date "2024.02.20"]
[Round "5"]
[White "Balkum, Alexander"]
[Black "Horak, Martin"]
[Result "0-1"]
[WhiteElo "2105"]
[BlackElo "2329"]
[PlyCount "76"]
[EventDate "2024.02.20"]
[EventType "swiss (blitz)"]
[EventRounds "11"]
[EventCountry "USA"]
[SourceTitle "EXT 2025"]
[Source "ChessBase"]
[SourceDate "2024.10.14"]
[SourceVersion "1"]
[SourceVersionDate "2024.10.14"]
[SourceQuality "1"]

1. e4 e5 2. Nf3 Nc6 3. d4 exd4 4. Nxd4 Nf6 5. Nxc6 bxc6 6. e5 Qe7 7. Qe2 Nd5 8. c4 Nb6 9. Nd2 g6 10. b3 Bg7 11. Bb2 0-0 12. 0-0-0 d6 13. f4 d5 14. Qf2 Bg4 15. Re1 dxc4 16. Nxc4 Be6 17. Ba3 Qd8 18. Rd1 Nd5 19. h4 Re8 20. h5 Qb8 21. hxg6 fxg6 22. Bd3 Nc3 23. Qh4 h6 24. Rd2 Rd8 25. Qe7 Bf7 26. e6 Be8 27. Re1 Nxa2+ 28. Rxa2 Rxd3 29. Rd2 Qxb3 30. Rc2 Rc3 31. Ree2 Rxc4 32. Qf7+ Kh7 33. Qxg7+ Kxg7 34. Bb2+ Kh7 35. Rxc4 Qxc4+ 36. Rc2 Qxf4+ 37. Kb1 Qd6 38. Bc3 Qxe6 0-1

[Event "Titled Tuesday intern op 20th Feb Early"]
[Site "Chess.com INT"]
[Date "2024.02.20"]
[Round "3"]
[White "Balkum, Alexander"]
[Black "Tikhonov, Viacheslav"]
[Result "0-1"]
[WhiteElo "2105"]
[BlackElo "2160"]
[PlyCount "72"]
[EventDate "2024.02.20"]
[EventType "swiss (blitz)"]
[EventRounds "11"]
[EventCountry "USA"]
[SourceTitle "EXT 2025"]
[Source "ChessBase"]
[SourceDate "2024.10.14"]
[SourceVersion "1"]
[SourceVersionDate "2024.10.14"]
[SourceQuality "1"]

1. e4 c5 2. Nf3 Nc6 3. d4 cxd4 4. Nxd4 g6 5. c4 Nf6 6. Nc3 Nxd4 7. Qxd4 d6 8. Be2 Bg7 9. Be3 0-0 10. Qd2 Be6 11. 0-0 Qa5 12. Rac1 Rfc8 13. b3 a6 14. f3 b5 15. Nd5 Qxd2 16. Bxd2 Nxd5 17. cxd5 Bd4+ 18. Kh1 Bd7 19. Rxc8+ Rxc8 20. Rc1 Rxc1+ 21. Bxc1 f5 22. h4 Bf2 23. h5 gxh5 24. Kh2 h4 25. Bg5 Kf7 26. Bd3 Bg3+ 27. Kg1 f4 28. a4 bxa4 29. bxa4 a5 30. e5 dxe5 31. Bc2 h5 32. Kf1 h3 33. gxh3 Bxh3+ 34. Ke2 Bg2 35. Bf5 h4 36. Be6+ Ke8 0-1

[Event "Titled Tuesday intern op 20th Feb Early"]
[Site "Chess.com INT"]
[Date "2024.02.20"]
[Round "2"]
[White "Lehtosaari, Mauri"]
[Black "Balkum, Alexander"]
[Result "1/2-1/2"]
[WhiteElo "2142"]
[BlackElo "2105"]
[PlyCount "125"]
[EventDate "2024.02.20"]
[EventType "swiss (blitz)"]
[EventRounds "11"]
[EventCountry "USA"]
[SourceTitle "EXT 2025"]
[Source "ChessBase"]
[SourceDate "2024.10.14"]
[SourceVersion "1"]
[SourceVersionDate "2024.10.14"]
[SourceQuality "1"]

1. d4 Nf6 2. c4 g6 3. Nc3 Bg7 4. Nf3 0-0 5. Bg5 d6 6. e3 c5 7. d5 Qa5 8. Nd2 h6 9. Bh4 a6 10. Be2 b5 11. cxb5 axb5 12. Bxb5 g5 13. Bg3 Nxd5 14. Nxd5 Qxb5 15. Nc7 Qxb2 16. Rb1 Qxa2 17. Nxa8 Qxa8 18. 0-0 Bf5 19. e4 Be6 20. Qc2 Nc6 21. Nf3 Nb4 22. Qe2 Bg4 23. h3 Bxf3 24. Qxf3 f5 25. Qb3+ Kh8 26. exf5 Rxf5 27. Qe6 Qf8 28. Rfe1 Rf7 29. Rb3 Kh7 30. Ra3 Nc6 31. Qe4+ Rf5 32. Qxc6 Bd4 33. Rf3 e5 34. Qd7+ Kg6 35. Rxf5 Qxf5 36. Qxf5+ Kxf5 37. Kf1 d5 38. Ke2 e4 39. f3 h5 40. fxe4+ dxe4 41. Bf2 Ke5 42. Be3 g4 43. hxg4 hxg4 44. Rc1 Kd5 45. Kd2 Ke5 46. Rxc5+ Bxc5 47. Bxc5 Kf4 48. Ke2 Kg3 49. Kf1 Kh2 50. Bd6+ g3 51. Bf4 e3 52. Bxe3 Kh1 53. Bf4 Kh2 54. Be5 Kh1 55. Bf4 Kh2 56. Bg5 Kh1 57. Bf6 Kh2 58. Bd4 Kh1 59. Be3 Kh2 60. Bf2 Kh1 61. Be1 Kh2 62. Bf2 Kh1 63. Bxg3 1/2-1/2

[Event "Titled Tuesday intern op 13th Feb Early"]
[Site "Chess.com INT"]
[Date "2024.02.13"]
[Round "5"]
[White "Balkum, Alexander"]
[Black "Panda, Sambit"]
[Result "0-1"]
[WhiteElo "2105"]
[BlackElo "2377"]
[PlyCount "72"]
[EventDate "2024.02.13"]
[EventType "swiss (blitz)"]
[EventRounds "11"]
[EventCountry "USA"]
[SourceTitle "CBM 218 Extra"]
[Source "ChessBase"]
[SourceDate "2024.03.31"]
[SourceVersion "1"]
[SourceVersionDate "2024.03.31"]
[SourceQuality "1"]

1. e4 c6 2. d4 d5 3. Nc3 dxe4 4. Nxe4 Nf6 5. Nxf6+ exf6 6. Bc4 Bd6 7. Qe2+ Be7 8. c3 0-0 9. Be3 Nd7 10. Nf3 Nb6 11. Bd3 Nd5 12. c4 Bb4+ 13. Kf1 Nxe3+ 14. fxe3 Re8 15. a3 Bf8 16. Kf2 f5 17. Rhe1 f4 18. e4 Bg4 19. d5 Bc5+ 20. Kf1 Be3 21. h3 Bh5 22. g4 Bg6 23. e5 cxd5 24. Bxg6 hxg6 25. Rad1 d4 26. Kg2 Qd7 27. b4 b6 28. Qd3 Qc6 29. b5 Qb7 30. Rf1 Rxe5 31. Kh2 Rc5 32. Nxd4 Rd8 33. Qc3 Qc7 34. Nc6 Rxd1 35. Rxd1 f3+ 36. Kh1 Qg3 0-1

[Event "Titled Tuesday intern op 13th Feb Early"]
[Site "Chess.com INT"]
[Date "2024.02.13"]
[Round "6"]
[White "Balkum, Alexander"]
[Black "Soderstrom, Adrian"]
[Result "1-0"]
[WhiteElo "2105"]
[BlackElo "2307"]
[PlyCount "65"]
[EventDate "2024.02.13"]
[EventType "swiss (blitz)"]
[EventRounds "11"]
[EventCountry "USA"]
[SourceTitle "CBM 218 Extra"]
[Source "ChessBase"]
[SourceDate "2024.03.31"]
[SourceVersion "1"]
[SourceVersionDate "2024.03.31"]
[SourceQuality "1"]

1. e4 e6 2. d4 d5 3. Nc3 dxe4 4. Nxe4 Bd7 5. Nf3 Bc6 6. Bd3 Nd7 7. 0-0 Ngf6 8. Ng3 Be7 9. b3 0-0 10. Bb2 Nd5 11. c4 Nf4 12. Bb1 Bf6 13. Ne4 b6 14. Qc2 g6 15. Nxf6+ Qxf6 16. d5 e5 17. dxc6 Qxc6 18. Qe4 Qe6 19. Nxe5 Rae8 20. Qxf4 Nxe5 21. Bxe5 Qxe5 22. Qxe5 Rxe5 23. Bd3 Rd8 24. Rad1 Re6 25. f3 Red6 26. Bc2 Kg7 27. Kf2 Kf6 28. Rxd6+ Rxd6 29. Rd1 Re6 30. Rd7 Rc6 31. Be4 Rc5 32. Bd5 c6 33. b4 1-0

[Event "Titled Tuesday intern op 13th Feb Early"]
[Site "Chess.com INT"]
[Date "2024.02.13"]
[Round "7"]
[White "Yaniuk, Volodymyr"]
[Black "Balkum, Alexander"]
[Result "0-1"]
[WhiteElo "2223"]
[BlackElo "2105"]
[PlyCount "56"]
[EventDate "2024.02.13"]
[EventType "swiss (blitz)"]
[EventRounds "11"]
[EventCountry "USA"]
[SourceTitle "CBM 218 Extra"]
[Source "ChessBase"]
[SourceDate "2024.03.31"]
[SourceVersion "1"]
[SourceVersionDate "2024.03.31"]
[SourceQuality "1"]

1. d4 Nf6 2. c4 g6 3. Nc3 Bg7 4. e4 d6 5. Be2 0-0 6. h3 Nc6 7. Be3 e5 8. d5 Nd4 9. Bd3 c5 10. Nge2 a6 11. Qd2 b5 12. cxb5 axb5 13. Bxd4 exd4 14. Nxb5 Ba6 15. Na3 Re8 16. f3 Bxd3 17. Qxd3 Nxd5 18. exd5 Re3 19. Qd2 Qh4+ 20. Kf1 Rae8 21. Nc4 Rxe2 22. Qxe2 Rxe2 23. Kxe2 d3+ 24. Kxd3 Qd4+ 25. Ke2 Qxc4+ 26. Kf2 Qd4+ 27. Kg3 Be5+ 28. f4 Qxf4# 0-1

[Event "Titled Tuesday intern op 30th Jan Early"]
[Site "Chess.com INT"]
[Date "2024.01.30"]
[Round "3"]
[White "Narva, Mai"]
[Black "Balkum, Alexander"]
[Result "1/2-1/2"]
[WhiteElo "2400"]
[BlackElo "2107"]
[PlyCount "127"]
[EventDate "2024.01.30"]
[EventType "swiss (blitz)"]
[EventRounds "11"]
[EventCountry "USA"]
[SourceTitle "EXT 2025"]
[Source "ChessBase"]
[SourceDate "2024.10.14"]
[SourceVersion "1"]
[SourceVersionDate "2024.10.14"]
[SourceQuality "1"]

1. e4 c5 2. Nf3 Nc6 3. d4 cxd4 4. Nxd4 Nf6 5. Nc3 d6 6. Bc4 e5 7. Nb3 Be6 8. Bd5 a5 9. a3 a4 10. Nd2 Bxd5 11. exd5 Nd4 12. 0-0 Be7 13. Nf3 Nxf3+ 14. Qxf3 0-0 15. Be3 Qa5 16. Rad1 Rfc8 17. Bg5 b5 18. Bxf6 Bxf6 19. Qg4 Rc4 20. Qd7 b4 21. Qxa4 Qxa4 22. Nxa4 Rxa4 23. b3 bxa3 24. bxa4 Rxa4 25. c3 e4 26. Rb1 g6 27. Rfc1 a2 28. Ra1 Ra5 29. Kf1 Rxd5 30. Rxa2 Rc5 31. c4 d5 32. Rac2 d4 33. Ra2 d3 34. Ra8+ Kg7 35. Re8 Be5 36. g4 f5 37. gxf5 gxf5 38. Rd8 Kf6 39. Rd5 Rc8 40. Ke1 Bf4 41. Ra1 Rxc4 42. h4 d2+ 43. Ke2 Rc1 44. Ra6+ Ke7 45. Rxd2 Bxd2 46. Kxd2 Rh1 47. Ra7+ Kf6 48. Rxh7 Ke5 49. Rh8 Kf4 50. h5 Rh2 51. Ke1 e3 52. fxe3+ Kxe3 53. Kf1 f4 54. Kg1 Rh4 55. h6 f3 56. Re8+ Kf4 57. Rf8+ Kg4 58. Rg8+ Kf4 59. Rg6 Kf5 60. Rg3 Rxh6 61. Rxf3+ Ke4 62. Rf2 Rg6+ 63. Rg2 Rxg2+ 64. Kxg2 1/2-1/2

[Event "Titled Tuesday intern op 27th Jun Late"]
[Site "Chess.com INT"]
[Date "2023.06.27"]
[Round "3"]
[White "Balkum, Alexander"]
[Black "Vargas Benavides, Mauricio"]
[Result "1-0"]
[WhiteElo "2107"]
[BlackElo "2035"]
[PlyCount "81"]
[EventDate "2023.06.27"]
[EventType "swiss (blitz)"]
[EventRounds "11"]
[EventCountry "USA"]
[SourceTitle "EXT 2024"]
[Source "ChessBase"]
[SourceDate "2023.10.10"]
[SourceVersion "1"]
[SourceVersionDate "2023.10.10"]
[SourceQuality "1"]

1. e4 d5 2. exd5 Qxd5 3. Nc3 Qa5 4. d4 c6 5. Nf3 Nf6 6. Ne5 Bf5 7. g4 Be4 8. f3 Bd5 9. Bf4 g6 10. Nc4 Bxc4 11. Bxc4 e6 12. a3 Nd5 13. Bd2 Qc7 14. Nxd5 cxd5 15. Bd3 Nc6 16. c3 Bd6 17. Qc1 0-0-0 18. f4 f6 19. 0-0 e5 20. fxe5 fxe5 21. Bg5 Rdf8 22. Qe3 e4 23. Be2 Bxh2+ 24. Kg2 Bd6 25. Rf2 Rxf2+ 26. Qxf2 h6 27. Be3 g5 28. Rf1 Rf8 29. Qg1 Rxf1 30. Qxf1 Qb6 31. Qf5+ Kb8 32. b4 Qd8 33. Qxd5 Qe7 34. Qf5 Bc7 35. c4 Qd6 36. Bf2 Qh2+ 37. Kf1 Qh1+ 38. Bg1 Qh3+ 39. Ke1 Qc3+ 40. Kf1 Qc1+ 41. Kg2 1-0

[Event "Titled Tuesday intern op 27th Jun Late"]
[Site "Chess.com INT"]
[Date "2023.06.27"]
[Round "2"]
[White "Bruedigam, Martin"]
[Black "Balkum, Alexander"]
[Result "1-0"]
[WhiteElo "2379"]
[BlackElo "2107"]
[PlyCount "67"]
[EventDate "2023.06.27"]
[EventType "swiss (blitz)"]
[EventRounds "11"]
[EventCountry "USA"]
[SourceTitle "EXT 2024"]
[Source "ChessBase"]
[SourceDate "2023.10.10"]
[SourceVersion "1"]
[SourceVersionDate "2023.10.10"]
[SourceQuality "1"]

1. Nf3 Nf6 2. e3 g6 3. b3 Bg7 4. Bb2 0-0 5. c4 d6 6. d4 Re8 7. Be2 Nc6 8. 0-0 Nd7 9. a3 e5 10. b4 h5 11. b5 Ne7 12. Nc3 Nf5 13. Nd5 c6 14. bxc6 bxc6 15. Nb4 Qc7 16. Qc2 a5 17. Na2 Rb8 18. Rac1 exd4 19. exd4 c5 20. Rfd1 Bb7 21. d5 Bxb2 22. Qxb2 Bxd5 23. Qd2 Bxf3 24. Bxf3 Ne5 25. Bd5 Nd4 26. Rb1 Ng4 27. Nc3 Qe7 28. h3 Nf6 29. Rxb8 Rxb8 30. Re1 Qd7 31. Qg5 Qf5 32. Qg3 Nxd5 33. Nxd5 Rb2 34. Ne7+ 1-0

[Event "Titled Tuesday intern op 08th Nov Early"]
[Site "Chess.com INT"]
[Date "2022.11.08"]
[Round "3"]
[White "Paszewski, Mateusz"]
[Black "Balkum, Alexander"]
[Result "1/2-1/2"]
[WhiteElo "2282"]
[BlackElo "2107"]
[PlyCount "86"]
[EventDate "2022.11.08"]
[EventType "swiss (blitz)"]
[EventRounds "11"]
[EventCountry "USA"]
[SourceTitle "EXT 2024"]
[Source "ChessBase"]
[SourceDate "2023.10.10"]
[SourceVersion "1"]
[SourceVersionDate "2023.10.10"]
[SourceQuality "1"]

1. Nf3 Nf6 2. d4 g6 3. Bf4 Bg7 4. c3 0-0 5. Nbd2 d6 6. e4 Nc6 7. Be2 Nh5 8. Be3 e5 9. dxe5 dxe5 10. 0-0 Nf4 11. Bc4 Be6 12. b4 Re8 13. Bxe6 Nxe6 14. Nc4 Qxd1 15. Rfxd1 f6 16. Nfd2 a6 17. Nb3 Bf8 18. a4 Red8 19. Kf1 b6 20. Rd5 Ne7 21. Rxd8 Rxd8 22. Ke2 Kf7 23. g3 Nc8 24. a5 b5 25. Nb2 Nd6 26. Nd3 Nc4 27. Rd1 Nxe3 28. Kxe3 Rc8 29. f4 Bd6 30. f5 gxf5 31. exf5 Nf8 32. Ndc5 Ra8 33. Ke4 Ke7 34. g4 Nd7 35. Nxd7 Kxd7 36. Nc5+ Kc6 37. Ne6 Rg8 38. Rg1 h6 39. h4 Be7 40. Rg2 Rh8 41. Rg1 Rg8 42. Rg3 Rh8 43. Rg1 Rg8 1/2-1/2

[Event "Titled Tuesday intern op 01st Nov Early"]
[Site "Chess.com INT"]
[Date "2022.11.01"]
[Round "5"]
[White "Balkum, Alexander"]
[Black "Namitbir, Singh Walia"]
[Result "1/2-1/2"]
[WhiteElo "2107"]
[BlackElo "2339"]
[PlyCount "98"]
[EventDate "2022.11.01"]
[EventType "swiss (blitz)"]
[EventRounds "11"]
[EventCountry "USA"]
[SourceTitle "EXT 2024"]
[Source "ChessBase"]
[SourceDate "2023.10.10"]
[SourceVersion "1"]
[SourceVersionDate "2023.10.10"]
[SourceQuality "1"]

1. e4 c5 2. Nf3 Nc6 3. d4 cxd4 4. Nxd4 g6 5. c4 Nf6 6. Nc3 Nxd4 7. Qxd4 d6 8. Bg5 Bg7 9. Qd2 0-0 10. Bd3 Be6 11. 0-0 Rc8 12. b3 a6 13. Rac1 Bd7 14. a4 Bc6 15. Kh1 Nd7 16. f4 Nc5 17. Bc2 h6 18. Bh4 Bxc3 19. Qxc3 Bxe4 20. f5 Qd7 21. fxg6 fxg6 22. Bxe4 Nxe4 23. Qe3 Qg4 24. Bxe7 Rxf1+ 25. Rxf1 Re8 26. Qf3 Qxf3 27. gxf3 Rxe7 28. fxe4 Rxe4 29. Rf6 Re3 30. Rxg6+ Kf7 31. Rxd6 Rxb3 32. Rxh6 Rb4 33. c5 Rxa4 34. Rh7+ Ke6 35. Rxb7 Kd5 36. Kg2 Kxc5 37. Kg3 Ra3+ 38. Kg4 a5 39. h4 Ra1 40. h5 a4 41. h6 a3 42. h7 Rh1 43. Ra7 Kb4 44. Kg5 Kb3 45. Kg6 a2 46. Kg7 Kb2 47. h8Q Rxh8 48. Kxh8 a1Q 49. Rxa1 Kxa1 1/2-1/2

[Event "Titled Tuesday intern op 01st Nov Early"]
[Site "Chess.com INT"]
[Date "2022.11.01"]
[Round "11"]
[White "Khamdamova, Afruza"]
[Black "Balkum, Alexander"]
[Result "1-0"]
[WhiteElo "2139"]
[BlackElo "2107"]
[PlyCount "105"]
[EventDate "2022.11.01"]
[EventType "swiss (blitz)"]
[EventRounds "11"]
[EventCountry "USA"]
[SourceTitle "EXT 2024"]
[Source "ChessBase"]
[SourceDate "2023.10.10"]
[SourceVersion "1"]
[SourceVersionDate "2023.10.10"]
[SourceQuality "1"]

1. e4 c5 2. Nf3 Nc6 3. d4 cxd4 4. Nxd4 Nf6 5. Nc3 d6 6. Be2 e5 7. Nb3 Be7 8. 0-0 0-0 9. f4 a5 10. a4 Nb4 11. Be3 exf4 12. Bxf4 d5 13. e5 Ne4 14. Nxe4 dxe4 15. c3 Nd5 16. Nd4 Bg5 17. Bxg5 Qxg5 18. Qc1 Qxe5 19. Bc4 Be6 20. Nxe6 fxe6 21. Re1 Rf6 22. Qc2 e3 23. Bxd5 exd5 24. Qd3 Re6 25. Rad1 Rd8 26. Re2 Qe4 27. b3 g6 28. Qxe4 Rxe4 29. Rd3 d4 30. cxd4 Rexd4 31. Rxd4 Rxd4 32. Rxe3 Rd1+ 33. Kf2 Rb1 34. Rd3 h5 35. Rd8+ Kf7 36. Rd7+ Ke6 37. Rxb7 Rb2+ 38. Kg3 Rc2 39. Rb5 Rc3+ 40. Kf4 Kf6 41. h4 Rc2 42. g3 Rf2+ 43. Ke3 Rg2 44. Kf3 Rb2 45. Rb6+ Kf7 46. Kf4 Rd2 47. Kg5 Rd5+ 48. Kh6 Rd3 49. Rb7+ Kf8 50. Kxg6 Rxg3+ 51. Kxh5 Kg8 52. Kh6 Kf8 53. h5 1-0

[Event "Titled Tuesday intern op 01st Nov Early"]
[Site "Chess.com INT"]
[Date "2022.11.01"]
[Round "8"]
[White "Omariev, Maksim"]
[Black "Balkum, Alexander"]
[Result "0-1"]
[WhiteElo "2304"]
[BlackElo "2107"]
[PlyCount "124"]
[EventDate "2022.11.01"]
[EventType "swiss (blitz)"]
[EventRounds "11"]
[EventCountry "USA"]
[SourceTitle "EXT 2024"]
[Source "ChessBase"]
[SourceDate "2023.10.10"]
[SourceVersion "1"]
[SourceVersionDate "2023.10.10"]
[SourceQuality "1"]

1. e4 c5 2. Nf3 Nc6 3. d4 cxd4 4. Nxd4 Nf6 5. Nc3 d6 6. Bg5 e6 7. Qd2 a6 8. 0-0-0 h6 9. Bf4 Bd7 10. Nb3 Be7 11. Bxd6 0-0 12. Be2 b5 13. e5 Nd5 14. Nxd5 exd5 15. Qxd5 Bg5+ 16. Kb1 Re8 17. g3 Rc8 18. f4 Be6 19. Qe4 Be7 20. f5 Bxb3 21. Bxe7 Bxc2+ 22. Qxc2 Qxe7 23. e6 fxe6 24. Bh5 Rf8 25. fxe6 Qxe6 26. Rhe1 Qf6 27. Qb3+ Kh8 28. Ka1 Nd4 29. Rxd4 Qxd4 30. Bg6 Qd2 31. Rb1 Rc1 32. h4 Rff1 33. a3 Rxb1+ 34. Bxb1 Qd1 35. Qxd1 Rxd1 36. Ka2 Rg1 37. h5 Rxg3 38. b4 Rg5 39. Be4 Rxh5 40. Bb7 Rh2+ 41. Kb3 g5 42. Bxa6 g4 43. Bxb5 g3 44. a4 g2 45. a5 g1Q 46. Bc4 Qa7 47. a6 Rh4 48. b5 Rxc4 49. Kxc4 Qb6 50. Kd5 Qxb5+ 51. Kd6 Qxa6+ 52. Kc7 h5 53. Kb8 h4 54. Kc7 h3 55. Kb8 Qa7+ 56. Kxa7 h2 57. Kb8 h1Q 58. Kc8 Qh7 59. Kd8 Kg7 60. Kc8 Kf6 61. Kd8 Ke6 62. Ke8 Qe7# 0-1

[Event "Titled Tuesday intern op 11th Oct Late"]
[Site "Chess.com INT"]
[Date "2022.10.11"]
[Round "2"]
[White "Balkum, Alexander"]
[Black "Makaraci, Tunahan"]
[Result "0-1"]
[WhiteElo "2107"]
[BlackElo "2275"]
[PlyCount "112"]
[EventDate "2022.10.11"]
[EventType "swiss (blitz)"]
[EventRounds "11"]
[EventCountry "USA"]
[SourceTitle "EXT 2024"]
[Source "ChessBase"]
[SourceDate "2023.10.10"]
[SourceVersion "1"]
[SourceVersionDate "2023.10.10"]
[SourceQuality "1"]

1. e4 Nf6 2. e5 Nd5 3. c4 Nb6 4. d4 d6 5. exd6 cxd6 6. Nc3 g6 7. Be3 Bg7 8. b3 0-0 9. Rc1 Bf5 10. g4 Bd7 11. Bg2 Nc6 12. d5 Ne5 13. h3 f5 14. f4 Nf7 15. g5 e5 16. dxe6 Bxe6 17. Bxb7 Re8 18. Kf2 Rb8 19. Bc6 Bd7 20. Bxd7 Nxd7 21. Nf3 Rxe3 22. Kxe3 Qb6+ 23. Kd2 Nc5 24. Re1 Qa5 25. Re3 Ne4+ 26. Rxe4 fxe4 27. Ne1 e3+ 28. Kd3 Qf5+ 29. Ke2 Qxf4 30. Qd5 Qf2+ 31. Kd1 Bxc3 32. Rxc3 e2+ 33. Kd2 Qf4+ 34. Kc2 Qxg5 35. Qxg5 Nxg5 36. Re3 Nxh3 37. Rxh3 Re8 38. Kd2 Kg7 39. Re3 Rf8 40. Rxe2 g5 41. Nd3 h5 42. b4 h4 43. c5 dxc5 44. bxc5 g4 45. c6 g3 46. Ne5 h3 47. Ng4 g2 48. Re1 Rf1 49. c7 g1Q 50. Re7+ Kg6 51. c8Q Qd4+ 52. Ke2 Qd1+ 53. Ke3 Rf3+ 54. Ke4 Qd3+ 55. Ke5 Rf5+ 56. Ke6 Qd5# 0-1

[Event "Titled Tuesday intern op 11th Oct Late"]
[Site "Chess.com INT"]
[Date "2022.10.11"]
[Round "8"]
[White "Balkum, Alexander"]
[Black "Simonovic, Miroslav"]
[Result "1-0"]
[WhiteElo "2107"]
[BlackElo "2115"]
[PlyCount "77"]
[EventDate "2022.10.11"]
[EventType "swiss (blitz)"]
[EventRounds "11"]
[EventCountry "USA"]
[SourceTitle "EXT 2024"]
[Source "ChessBase"]
[SourceDate "2023.10.10"]
[SourceVersion "1"]
[SourceVersionDate "2023.10.10"]
[SourceQuality "1"]

1. e4 c5 2. Nf3 Nc6 3. d4 cxd4 4. Nxd4 a6 5. Nc3 e5 6. Nxc6 bxc6 7. Be2 Nf6 8. 0-0 Bb4 9. Bg5 0-0 10. Kh1 Bxc3 11. bxc3 h6 12. Bh4 g5 13. Bg3 Qe7 14. Bd3 d6 15. f3 Be6 16. c4 Rfb8 17. Qd2 Kg7 18. Rab1 Nh5 19. Bf2 Nf4 20. Qc3 f6 21. g3 Ng6 22. Be3 Qc7 23. Rbe1 Rc8 24. f4 Ne7 25. fxe5 fxe5 26. Qd2 Ng6 27. h4 gxh4 28. Bxh6+ Kh7 29. Rf6 Qe7 30. Ref1 hxg3 31. Qg5 Rg8 32. Qh5 Rg7 33. Bxg7+ Kg8 34. Rxg6 g2+ 35. Rxg2 Qxg7 36. Rxg7+ Kxg7 37. Qg5+ Kh7 38. Rf6 Rg8 39. Rh6# 1-0

[Event "Titled Tuesday intern op 11th Oct Late"]
[Site "Chess.com INT"]
[Date "2022.10.11"]
[Round "3"]
[White "Georgiadis, Ioannis"]
[Black "Balkum, Alexander"]
[Result "1-0"]
[WhiteElo "2467"]
[BlackElo "2107"]
[PlyCount "47"]
[EventDate "2022.10.11"]
[EventType "swiss (blitz)"]
[EventRounds "11"]
[EventCountry "USA"]
[SourceTitle "EXT 2024"]
[Source "ChessBase"]
[SourceDate "2023.10.10"]
[SourceVersion "1"]
[SourceVersionDate "2023.10.10"]
[SourceQuality "1"]

1. e4 c5 2. Nf3 Nc6 3. Bb5 g6 4. 0-0 Bg7 5. Re1 Nf6 6. c3 0-0 7. e5 Nd5 8. d4 cxd4 9. cxd4 Nc7 10. Bf1 d5 11. h3 f6 12. exf6 exf6 13. Nc3 Be6 14. Bf4 Bf7 15. Qb3 Na5 16. Qb4 Ne6 17. Bg3 b6 18. Rac1 Nc6 19. Qa4 Rc8 20. Nb5 Bh6 21. Rc3 Na5 22. Rxc8 Qxc8 23. Nd6 Qa8 24. Nxf7 1-0

[Event "Titled Tuesday intern op 11th Oct Late"]
[Site "Chess.com INT"]
[Date "2022.10.11"]
[Round "1"]
[White "Goryachkina, Aleksandra"]
[Black "Balkum, Alexander"]
[Result "1-0"]
[WhiteElo "2584"]
[BlackElo "2107"]
[PlyCount "111"]
[EventDate "2022.10.11"]
[EventType "swiss (blitz)"]
[EventRounds "11"]
[EventCountry "USA"]
[SourceTitle "EXT 2024"]
[Source "ChessBase"]
[SourceDate "2023.10.10"]
[SourceVersion "1"]
[SourceVersionDate "2023.10.10"]
[SourceQuality "1"]

1. e4 c5 2. Nf3 Nc6 3. Bb5 g6 4. 0-0 Bg7 5. Re1 Nf6 6. c3 0-0 7. h3 Qb6 8. Na3 a6 9. Bf1 e5 10. Nc4 Qc7 11. d4 exd4 12. cxd4 b5 13. d5 Nd4 14. Nxd4 cxd4 15. Nd2 Re8 16. Bd3 d6 17. Nf3 Nd7 18. Bf4 Ne5 19. Rc1 Nxf3+ 20. Qxf3 Qe7 21. Rc6 Be5 22. Rec1 Bd7 23. Rc7 Rac8 24. Bd2 Rxc7 25. Rxc7 Rc8 26. Rxc8+ Bxc8 27. Qd1 Qc7 28. f4 Bg7 29. Qc2 Qxc2 30. Bxc2 Kf8 31. Bb4 Ke7 32. e5 Bb7 33. Bxd6+ Kd7 34. Be4 f5 35. Bf3 Bh6 36. g3 g5 37. Bb8 gxf4 38. gxf4 Kc8 39. e6 Bf8 40. Be5 Kd8 41. Kf2 Bc8 42. Bxd4 Bd6 43. Be5 Ke7 44. Bxd6+ Kxd6 45. Ke3 Bb7 46. Kd4 Bc8 47. Be2 Bb7 48. Bd3 Bxd5 49. e7 Bf7 50. a3 Kxe7 51. Bxf5 h6 52. Bc8 a5 53. Kc5 Be8 54. Bf5 Kf6 55. Bd3 Bd7 56. h4 1-0

[Event "Titled Tuesday intern op 11th Oct Late"]
[Site "Chess.com INT"]
[Date "2022.10.11"]
[Round "4"]
[White "Lopez Perdomo, Juan David"]
[Black "Balkum, Alexander"]
[Result "0-1"]
[WhiteElo "2004"]
[BlackElo "2107"]
[PlyCount "50"]
[EventDate "2022.10.11"]
[EventType "swiss (blitz)"]
[EventRounds "11"]
[EventCountry "USA"]
[SourceTitle "EXT 2024"]
[Source "ChessBase"]
[SourceDate "2023.10.10"]
[SourceVersion "1"]
[SourceVersionDate "2023.10.10"]
[SourceQuality "1"]

1. e4 c5 2. d4 cxd4 3. c3 g6 4. cxd4 d5 5. f3 Bg7 6. e5 Nc6 7. Be3 f6 8. f4 Nh6 9. h3 fxe5 10. fxe5 0-0 11. Nf3 Bf5 12. Bd3 Bxd3 13. Qxd3 Qb6 14. Nc3 Qxb2 15. 0-0 Nb4 16. Qd2 Qxd2 17. Bxd2 Nf5 18. a3 Nc2 19. Nxd5 Nxa1 20. Rxa1 Rfd8 21. Nc7 Nxd4 22. Nxd4 Rxd4 23. Nxa8 Rxd2 24. Re1 Rc2 25. Rc1 Rxc1+ 0-1

[Event "Titled Tuesday intern op 04th Oct Early"]
[Site "Chess.com INT"]
[Date "2022.10.04"]
[Round "9"]
[White "Balkum, Alexander"]
[Black "Raahul, VS."]
[Result "1/2-1/2"]
[WhiteElo "2107"]
[BlackElo "2333"]
[PlyCount "123"]
[EventDate "2022.10.04"]
[EventType "swiss (blitz)"]
[EventRounds "11"]
[EventCountry "USA"]
[SourceTitle "EXT 2023"]
[Source "ChessBase"]
[SourceDate "2022.10.05"]
[SourceVersion "1"]
[SourceVersionDate "2022.10.05"]
[SourceQuality "1"]

1. e4 e5 2. Nf3 Nc6 3. d4 exd4 4. Nxd4 Nf6 5. Nc3 Bb4 6. Nxc6 bxc6 7. Bd3 0-0 8. 0-0 d5 9. exd5 cxd5 10. Bg5 c6 11. Qf3 Bd6 12. h3 Rb8 13. Na4 Rb4 14. b3 Be5 15. Rae1 Qd6 16. Bd2 Rb7 17. Nc5 Re7 18. b4 a5 19. a3 Rfe8 20. Kh1 h6 21. Bf5 Bxf5 22. Qxf5 Bb2 23. Qd3 Rxe1 24. Rxe1 Rxe1+ 25. Bxe1 Qe7 26. Bd2 axb4 27. axb4 Qa7 28. g3 Be5 29. Kg2 Bd6 30. Be3 Qa1 31. c4 Qe5 32. Bf4 Qe7 33. Na6 Bxf4 34. gxf4 Nh5 35. Qf3 Qh4 36. cxd5 Nxf4+ 37. Kh2 Nxd5 38. b5 Qe7 39. bxc6 Qd6+ 40. Kg1 Qxc6 41. Nb4 Qc1+ 42. Kg2 Nxb4 43. Qa8+ Kh7 44. Qe4+ g6 45. Qxb4 Qc6+ 46. Kg1 Qd5 47. Qf4 h5 48. Qg3 Kg7 49. Qf4 f6 50. Qg3 g5 51. Qe3 Kg6 52. Qe2 Qf5 53. Qe8+ Kh6 54. Qh8+ Kg6 55. Qg8+ Kh6 56. Qf8+ Kh7 57. Qf7+ Kh8 58. Qf8+ Kh7 59. Qf7+ Kh6 60. Qf8+ Kg6 61. Qg8+ Kh6 62. Qf8+ 1/2-1/2